000 00538nam a2200181Ia 4500
008 151018s9999 xx 000 0 und d
082 _bRBASDV43783
_a954
100 _aयु म पठाण
245 _aसभासद बखर
250 _b1
260 _bस्नेहवर्धन प्रकाशन पुणे
_c2005
300 _a126
600 _aयु म पठाण
630 _aसभासद बखर
700 _aयु म पठाण
730 _aसभासद बखर
942 _cBOOK
999 _c1042987
_d1042984